Regulierung und Wettbewerb im europäischen Luftverkehr

Saved in:
Bibliographic Details
Other Authors: Gröner, Helmut
Format: Book
Language:German
Published: Berlin Duncker und Humblot 1989
Edition:1. Aufl.
Subjects:
Tags: Add Tag
No Tags, Be the first to tag this record!

MARC

LEADER 00000nam a2200000 4500
001 c000724
005 20221215125438.5
020 |a 3-428-06589-1 
041 0 |a ger 
044 |a DE 
245 1 0 |a Regulierung und Wettbewerb im europäischen Luftverkehr  |c Edit. Helmut Gröner 
250 |a 1. Aufl. 
264 1 |a Berlin  |b Duncker und Humblot  |c 1989 
300 |a 102 s. 
610 2 0 |a doprava letecká 
610 2 0 |a konkurencia 
610 2 0 |a Európa 
610 2 0 |a Nemecko 
610 2 0 |a Lufthansa 
610 2 0 |a regulácia 
700 1 |a Gröner, Helmut